000 00786pam a2200253 i 4500
001 3635378
003 ARRUPE
005 20150425020007.0
008 751028s1976 mau b 001 0 eng
010 _a 75032480
020 _a0870231987 :
_c$15.00
040 _aDLC
_cDLC
_dDLC
050 0 0 _aB1649.P64
_bA3
082 0 0 _a192
100 1 _aAckermann, Robert John,
_d1933-
_9505
245 1 4 _aThe philosophy of Karl Popper /
_cRobert John Ackermann.
260 _aAmherst :
_bUniversity of Massachusetts Press,
_c1976.
300 _ax, 212 p. ;
_c25 cm.
500 _aIncludes indexes.
504 _aBibliography: p. 193-203.
600 1 0 _aPopper, Karl R.
_q(Karl Raimund),
_d1902-1994.
_9506
906 _a7
_bcbc
_corignew
_d1
_eocip
_f19
_gy-gencatlg
942 _2lcc
_cMONOGRAPH
_01
999 _c117865
_d117865